Industry 4.0 : (Record no. 227248)

MARC details
000 -LEADER
fixed length control field 03652cam a22005055i 4500
001 - CONTROL NUMBER
control field 21735559
003 - CONTROL NUMBER IDENTIFIER
control field OSt
005 - DATE AND TIME OF LATEST TRANSACTION
control field 20230421111503.0
006 - FIXED-LENGTH DATA ELEMENTS--ADDITIONAL MATERIAL CHARACTERISTICS
fixed length control field m |o d |
007 - PHYSICAL DESCRIPTION FIXED FIELD--GENERAL INFORMATION
fixed length control field cr |||||||||||
008 - FIXED-LENGTH DATA ELEMENTS--GENERAL INFORMATION
fixed length control field 160628s2016 xxu|||| o |||| 0|eng
010 ## - LIBRARY OF CONGRESS CONTROL NUMBER
LC control number 2019753254
020 ## - INTERNATIONAL STANDARD BOOK NUMBER
International Standard Book Number 9781484220474
024 7# - OTHER STANDARD IDENTIFIER
Standard number or code 10.1007/978-1-4842-2047-4
Source of number or code doi
035 ## - SYSTEM CONTROL NUMBER
System control number (DE-He213)978-1-4842-2047-4
040 ## - CATALOGING SOURCE
Original cataloging agency DLC
Language of cataloging eng
Description conventions pn
-- rda
Transcribing agency DLC
072 #7 - SUBJECT CATEGORY CODE
Subject category code COM075000
Source bisacsh
072 #7 - SUBJECT CATEGORY CODE
Subject category code UKN
Source bicssc
072 #7 - SUBJECT CATEGORY CODE
Subject category code UKN
Source thema
082 04 - DEWEY DECIMAL CLASSIFICATION NUMBER
Classification number 004.69
Edition number 1
Item number GILA
100 1# - MAIN ENTRY--PERSONAL NAME
Personal name Gilchrist, Alasdair,
Relator term author.
9 (RLIN) 91440
245 10 - TITLE STATEMENT
Title Industry 4.0 :
Remainder of title the Industrial Internet of Things /
Statement of responsibility, etc. By Alasdair Gilchrist.
250 ## - EDITION STATEMENT
Edition statement 1st ed.
264 #1 - PRODUCTION, PUBLICATION, DISTRIBUTION, MANUFACTURE, AND COPYRIGHT NOTICE
Place of production, publication, distribution, manufacture Berkeley, CA :
Name of producer, publisher, distributor, manufacturer Apress ;
-- 2023
300 ## - PHYSICAL DESCRIPTION
Extent 250P. ;
Other physical details PB
Dimensions 23.5 cm.
336 ## - CONTENT TYPE
Content type term text
Content type code txt
Source rdacontent
337 ## - MEDIA TYPE
Media type term computer
Media type code c
Source rdamedia
338 ## - CARRIER TYPE
Carrier type term online resource
Carrier type code cr
Source rdacarrier
347 ## - DIGITAL FILE CHARACTERISTICS
File type text file
Encoding format PDF
Source rda
505 0# - FORMATTED CONTENTS NOTE
Formatted contents note 1. Introduction to the Industrial Internet -- 2. Industrial Internet Use Cases -- 3. The Technical and Business Innovators of the Industrial Internet -- 4. IIoT Reference Architecture -- 5. Designing Industrial Internet Systems -- 6. Examining the Access Network Technology and Protocols -- 7. Examining the Middleware Transport Protocols -- 8. Middleware Software Patterns -- 9. Software Design Concepts -- 10. Middleware Industrial Internet of Things Platforms -- 11. IIoT WAN Technologies and Protocols -- 12. Securing the Industrial Internet -- 13. Introducing Industry 4.0 -- 14. Smart Factory -- 15. Getting from here to there - a roadmap.
520 ## - SUMMARY, ETC.
Summary, etc. Explore the current state of the production, processing, and manufacturing industries and discover what it will take to achieve re-industrialization of the former industrial powerhouses that can counterbalance the benefits of cheap labor providers dominating the industrial sector. This book explores the potential for the Internet of Things (IoT), Big Data, Cyber-Physical Systems (CPS), and Smart Factory technologies to replace the still largely mechanical, people-based systems of offshore locations. Industry 4.0: The Industrial Internet of Things covers Industry 4.0, a term that encapsulates trends and technologies that could rewrite the rules of manufacturing and production. What are the Industrial Internet and Industrial Internet of Things Which technologies must advance to enable Industry 4.0 What is happening today to make that happen What are examples of the implementation of Industry 4.0 How to apply some of these case studies What is the potential to take back the lead in manufacturing, and the potential fallout that could result.
588 ## - SOURCE OF DESCRIPTION NOTE
Source of description note Description based on publisher-supplied MARC data.
650 #0 - SUBJECT ADDED ENTRY--TOPICAL TERM
Topical term or geographic name entry element Computer communication systems.
9 (RLIN) 91441
650 #0 - SUBJECT ADDED ENTRY--TOPICAL TERM
Topical term or geographic name entry element Computer input-output equipment.
9 (RLIN) 91442
650 #0 - SUBJECT ADDED ENTRY--TOPICAL TERM
Topical term or geographic name entry element Computers and civilization.
9 (RLIN) 91443
650 14 - SUBJECT ADDED ENTRY--TOPICAL TERM
Topical term or geographic name entry element Computer Communication Networks.
Authority record control number or standard number https://scigraph.springernature.com/ontologies/product-market-codes/I13022
9 (RLIN) 91444
650 24 - SUBJECT ADDED ENTRY--TOPICAL TERM
Topical term or geographic name entry element Computers and Society.
Authority record control number or standard number https://scigraph.springernature.com/ontologies/product-market-codes/I24040
9 (RLIN) 91445
650 24 - SUBJECT ADDED ENTRY--TOPICAL TERM
Topical term or geographic name entry element Hardware and Maker.
Authority record control number or standard number https://scigraph.springernature.com/ontologies/product-market-codes/I29010
9 (RLIN) 91446
776 08 - ADDITIONAL PHYSICAL FORM ENTRY
Relationship information Print version:
Title Industry 4.0 : the industrial internet of things
International Standard Book Number 9781484220467
Record control number (DLC) 2016945031
776 08 - ADDITIONAL PHYSICAL FORM ENTRY
Relationship information Printed edition:
International Standard Book Number 9781484220467
776 08 - ADDITIONAL PHYSICAL FORM ENTRY
Relationship information Printed edition:
International Standard Book Number 9781484220481
776 08 - ADDITIONAL PHYSICAL FORM ENTRY
Relationship information Printed edition:
International Standard Book Number 9781484249703
906 ## - LOCAL DATA ELEMENT F, LDF (RLIN)
a 0
b ibc
c origres
d u
e ncip
f 20
g y-gencatlg
942 ## - ADDED ENTRY ELEMENTS (KOHA)
Source of classification or shelving scheme Dewey Decimal Classification
Koha item type Book
Edition 1st
Call number prefix 004.69 GILA
Holdings
Withdrawn status Lost status Source of classification or shelving scheme Damaged status Not for loan Collection code Home library Current library Date acquired Source of acquisition Cost, normal purchase price Inventory number Total Checkouts Full call number Barcode Date last seen Cost, replacement price Price effective from Koha item type
    Dewey Decimal Classification     MCA St Aloysius Institute of Management & Information Technology St Aloysius Institute of Management & Information Technology 04/21/2023 Biblios Book Point 749.00 Bill no:8480; Bill dt:2023-03-20   004.69 GILA MCA17192 07/21/2025 599.20 04/21/2023 Book